000 00297nam a22001337a 4500
008 170322b xxu||||| |||| 00| 0 eng d
020 _a9780521785723
041 _aeng
080 _a616.8
100 _a7
101 _aSHM
245 _aTHE SMALL AND THE HUMAN MIND
_cPENRODE.R
942 _2udc
_cBK
999 _c8379
_d8379